| 000 | 00669nam a2200205 a 4500 | ||
|---|---|---|---|
| 999 |
_c2759 _d2759 |
||
| 001 | 2759 | ||
| 003 | CDMR | ||
| 005 | 20240102111103.0 | ||
| 008 | 130130s1994||||||||||||||||||||||||||||d | ||
| 020 | _a8470913506 | ||
| 040 |
_aCDMR _bcat _cCDMR |
||
| 100 | 1 |
_aFernández Hermana, Luís Ángel _92075 |
|
| 245 | 1 | 0 |
_aMedi ambient i comunicació _b: de l'evolució cultural a la conscient _c/ Luis Ángel Fernández Hermana, Lluís Reales |
| 260 |
_aBarcelona : _bBeta, _c1994 |
||
| 300 |
_a122 p ; _c21 cm |
||
| 490 | 0 |
_aDebats Medioambientals _v; 3 |
|
| 650 | 0 | 4 |
_aMitjans de comunicació de massa i medi ambient _92077 |
| 700 | 1 |
_93448 _aReales, Lluís |
|
| 942 |
_cMON _2udc |
||